| 000 | 01357nam a2200229Ia 4500 | ||
|---|---|---|---|
| 003 | Ost | ||
| 005 | 20260507075117.0 | ||
| 008 | 260507s9999||||xx |||||||||||||| ||und|| | ||
| 020 | _a5043389957 | ||
| 040 | _cfsecg | ||
| 041 | _aara | ||
| 082 | _a341.759 | ||
| 100 |
_aمعروف، هوشيمار _eمؤلف |
||
| 245 | 0 |
_aتحليل الإقتصاد التكنولوجي / _c هوشيمار معروف |
|
| 250 | _aطبعة 2 | ||
| 260 |
_aعمان: _bدار جرير للنشر, _c2006 |
||
| 300 |
_a368 صفحة؛ _bإيضاحات ؛ _c25 سم |
||
| 520 | _aمفهوم التحول التكنولوجي وتطور الفكر الإقتصادي- الكثافة النسبية للعنصر الإنتاجي- نشر التكنولوجيا في الإقتصاد النامي- التأثير التحفيزي للتحول التكنولوجي في الأقطار النامية- الإندفاع الذاتي وأهميته الإقتصادية- التحول التكنولوجي- البحث والتطوير- دور التعليم الجامعي في التنمية الإقتصادية والتحول التكنولوجي- التنمية الإقتصادية المستديمة بين التعويض الإستيرادات والتطور التكنولوجي | ||
| 653 | _aالإقتصاد | ||
| 653 | _aالتكنولوجيا | ||
| 942 | _cكتاب | ||
| 999 |
_c43038 _d43038 |
||